| 000 | 00936nam a2200289 i 4500 | ||
|---|---|---|---|
| 003 | DO-SdBNP | ||
| 005 | 20230717094009.0 | ||
| 007 | ta | ||
| 008 | 230717b2021 dr aco|| |||| 00| 0 spa d | ||
| 020 | _a9789945900026 | ||
| 040 |
_aDO-SdBNP _bspa _cBNPHU _erda |
||
| 082 | 4 | _222 | |
| 110 | _4Museo de Arte Moderno | ||
| 245 | 0 | 0 |
_aMAM : _bcolección 1896-2019 / _cMilagros Germán, Eduardo Selman, Alberto Y. Cruz ; corrección Fidel Munnigh |
| 264 |
_aSanto Domingo : _bMuseo de Arte Moderno, _c2021. |
||
| 300 |
_a555 páginas : _bilustraciones, retratos, fotos ; _c34 cm. |
||
| 336 |
_2rdacontent _atexto _btxt |
||
| 337 |
_2rdamedia _asin mediación _bn |
||
| 338 |
_2rdacarrier _avolumen _bnc |
||
| 590 | _aInventariado, 2023/BT | ||
| 700 | 1 |
_aGermán, Milagros _983773 |
|
| 700 | 1 |
_aSelman, Eduardo _983774 |
|
| 700 | 1 |
_aCruz, Alberto Y. _983775 |
|
| 700 | 1 |
_aMinnigh, Fidel _983776 |
|
| 910 | _abtavárez | ||
| 942 |
_2ddc _cLBS1 |
||
| 999 |
_c54178 _d54178 |
||